banner koha

Eficiencia de inseticidas para o controle da broca-pequena, Neoleucinodes elegantalis (Guenee, 1854)(Lepidoptera-Pyralidae), do fruto do tomateiro, Lycopersicon esculentum Mill. (Registro n. 127194)

MARC details
000 -LÍDER
campo de controle de tamanho fixo 01183nas a2200289 4500
001 - NÚMERO DE CONTROLE
campo de controle BR9000057
003 - IDENTIFICADOR DO NÚMERO DE CONTROLE
campo de controle BR-BrBNA
005 - DATA E HORÁRIO DA ÚLTIMA TRANSAÇÃO
campo de controle 20231205091750.0
007 - CAMPO FIXO DE DESCRIÇÃO FÍSICA--INFORMAÇÃO GERAL
campo de controle de tamanho fixo ta
008 - CAMPO DE DADOS FIXOS--INFORMAÇÃO GERAL
campo de controle de tamanho fixo 230509b bl.|||p| |||| 00| 00por d
040 ## - FONTE DA CATALOGAÇÃO
Instituição da catalogação original BR-BrBNA
Idioma da catalogação por
Instituição que transcreveu o registro Biblioteca Nacional de Agricultura
041 ## - CÓDIGO DE IDIOMA
Código do idioma do texto/trilha sonora ou título diferente (Pt)
072 ## - CÓDIGO DE CATEGORIA DE ASSUNTO
Código de Categoria de Assunto H10
100 1# - ENTRADA PRINCIPAL--NOME PESSOAL
Nome pessoal Reis, P.R.
100 1# - ENTRADA PRINCIPAL--NOME PESSOAL
Nome pessoal Souza, J.C. de
100 1# - ENTRADA PRINCIPAL--NOME PESSOAL
Nome pessoal Malta, A.W. de O.
111 1# - ENTRADA PRINCIPAL--NOME DO EVENTO
Nome do evento ou lugar 19. Congresso Brasileiro de Olericultura; 9. Congresso Brasileiro de Entomologia
Local do evento Florianopolis, SC (Brazil); Londrina, PR (Brazil)
Data do evento ou assinatura do tratado 1979; 1984
245 1# - TÍTULO
Título Eficiencia de inseticidas para o controle da broca-pequena, Neoleucinodes elegantalis (Guenee, 1854)(Lepidoptera-Pyralidae), do fruto do tomateiro, Lycopersicon esculentum Mill.
246 1# - FORMA VARIANTE DO TÍTULO
Título/título abreviado Evaluation of insecticides against Neoleucinodes elegantalis (Guenee, 1854)in tomato, Lycopersicon esculentum Mill.
650 ## - ASSUNTO--TERMO TÓPICO
Cabeçalho tópico ou nome geográfico TOMATE
650 ## - ASSUNTO--TERMO TÓPICO
Cabeçalho tópico ou nome geográfico BROCA
650 ## - ASSUNTO--TERMO TÓPICO
Cabeçalho tópico ou nome geográfico INSETICIDA
650 ## - ASSUNTO--TERMO TÓPICO
Cabeçalho tópico ou nome geográfico CONTROLE QUIMICO
773 0# - ENTRADA ANALÍTICA
Título Anais da Sociedade Entomologica do Brasil (Brazil)
ISSN - International Standard Serial Number ISSN 0301-8059
Partes relacionadas (1989), v. 18(1) p. 131-144
Número de controle do registro BR9000057
909 ## -
-- 202311
-- Lúcia
-- 55
-- Lúcia Elande
942 ## - ELEMENTOS DE ENTRADA ADICIONADOS (KOHA)
Fonte da classificação ou esquema de arquivamento na estante Classificação AGRIS
Ocultar no OPAC Não
Tipo de material Koha Analítica
Exemplares
Situação do descarte Fonte da classificação ou esquema de arquivamento na estante Situação física Não pode ser emprestado Biblioteca de origem Biblioteca atual Localização na estante Enumeração do periódico / cronologia Total de empréstimos Data de último acesso Número do exemplar Tipo de material Koha Fonte de aquisição
  Classificação AGRIS   Consulta local Biblioteca Nacional de Agricultura - Binagri Biblioteca Nacional de Agricultura - Binagri   (1989), v. 18(1) p. 131-144   29/11/2023 01 Periódicos Portaria Interministerial nº 164/94

BINAGRI

Telefone: (61)3218-2567/2388/3357/2097 - binagri@agro.gov.br

Ministério da Agricultura e Pecuária , Esplanada dos Ministérios, Bloco D, Anexo B, Brasília/DF, CEP: 70.043-900